<?xml version="1.0" encoding="UTF-8"?>
<record
    xmlns:xsi="http://www.w3.org/2001/XMLSchema-instance"
    xsi:schemaLocation="http://www.loc.gov/MARC21/slim http://www.loc.gov/standards/marcxml/schema/MARC21slim.xsd"
    xmlns="http://www.loc.gov/MARC21/slim">

  <leader>01309nam a22002177a 4500</leader>
  <datafield tag="999" ind1=" " ind2=" ">
    <subfield code="c">59947</subfield>
    <subfield code="d">59947</subfield>
  </datafield>
  <controlfield tag="003">Ge_BSU</controlfield>
  <controlfield tag="005">20230522103328.0</controlfield>
  <controlfield tag="008">230522s1990    ge ||||| |||| 00| 0 geo d</controlfield>
  <datafield tag="041" ind1=" " ind2=" ">
    <subfield code="a">geo</subfield>
  </datafield>
  <datafield tag="080" ind1=" " ind2=" ">
    <subfield code="a">737(55) &#x10E5;-84</subfield>
  </datafield>
  <datafield tag="100" ind1=" " ind2=" ">
    <subfield code="a">&#x10E5;&#x10E3;&#x10D7;&#x10D4;&#x10DA;&#x10D8;&#x10D0;, &#x10D7;&#x10D8;&#x10DC;&#x10D0;&#x10D7;&#x10D8;&#x10DC;</subfield>
    <subfield code="9">18162</subfield>
  </datafield>
  <datafield tag="245" ind1=" " ind2=" ">
    <subfield code="a">&#x10D8;&#x10E0;&#x10D0;&#x10DC;&#x10E3;&#x10DA;&#x10D8; &#x10E1;&#x10DE;&#x10D8;&#x10DA;&#x10D4;&#x10DC;&#x10EB;&#x10D8;&#x10E1; &#x10E4;&#x10E3;&#x10DA;&#x10D8;&#x10E1; &#x10D9;&#x10D0;&#x10E2;&#x10D0;&#x10DA;&#x10DD;&#x10D2;&#x10D8; :</subfield>
    <subfield code="b">(&#x10E1;&#x10D0;&#x10E5;. &#x10E1;&#x10D0;&#x10EE;&#x10D4;&#x10DA;&#x10DB;&#x10EC;. &#x10DB;&#x10E3;&#x10D6;&#x10D4;&#x10E3;&#x10DB;&#x10D8;&#x10E1; &#x10E4;&#x10DD;&#x10DC;&#x10D3;&#x10D4;&#x10D1;&#x10D8;&#x10E1; &#x10DB;&#x10D8;&#x10EE;&#x10D4;&#x10D3;&#x10D5;&#x10D8;&#x10D7;) /</subfield>
    <subfield code="c">&#x10D7;&#x10D8;&#x10DC;&#x10D0;&#x10D7;&#x10D8;&#x10DC; &#x10E5;&#x10E3;&#x10D7;&#x10D4;&#x10DA;&#x10D8;&#x10D0;; &#x10E0;&#x10D4;&#x10D3;. &#x10EA;. &#x10E6;&#x10D5;&#x10D0;&#x10D1;&#x10D4;&#x10E0;&#x10D8;&#x10EB;&#x10D4;;  &#x10E1;&#x10D0;&#x10E5;. &#x10E1;&#x10E1;&#x10E0; &#x10DB;&#x10D4;&#x10EA;&#x10DC;. &#x10D0;&#x10D9;&#x10D0;&#x10D3;., &#x10E1;&#x10D0;&#x10E5;. &#x10E1;&#x10D0;&#x10EE;&#x10D4;&#x10DA;&#x10DB;&#x10EC;. &#x10DB;&#x10E3;&#x10D6;&#x10D4;&#x10E3;&#x10DB;&#x10D8;.</subfield>
  </datafield>
  <datafield tag="264" ind1=" " ind2=" ">
    <subfield code="a">&#x10D7;&#x10D1;&#x10D8;&#x10DA;&#x10D8;&#x10E1;&#x10D8; :</subfield>
    <subfield code="b">&#x10DB;&#x10D4;&#x10EA;&#x10DC;&#x10D8;&#x10D4;&#x10E0;&#x10D4;&#x10D1;&#x10D0;, </subfield>
    <subfield code="c">1990.</subfield>
  </datafield>
  <datafield tag="300" ind1=" " ind2=" ">
    <subfield code="a">116 &#x10D2;&#x10D5;. : </subfield>
    <subfield code="b">17 &#x10E4;. &#x10D8;&#x10DA;. ; </subfield>
    <subfield code="c">21 &#x10E1;&#x10DB;.</subfield>
  </datafield>
  <datafield tag="501" ind1=" " ind2=" ">
    <subfield code="a">&#x10DE;&#x10D0;&#x10E0;&#x10D0;&#x10DA;. &#x10E2;&#x10D4;&#x10E5;&#x10E1;&#x10E2;&#x10D8; &#x10E0;&#x10E3;&#x10E1;. &#x10D3;&#x10D0; &#x10D8;&#x10DC;&#x10D2;&#x10DA;.</subfield>
  </datafield>
  <datafield tag="653" ind1=" " ind2=" ">
    <subfield code="a">&#x10D8;&#x10E0;&#x10D0;&#x10DC;&#x10E3;&#x10DA;&#x10D8; &#x10E4;&#x10E3;&#x10DA;&#x10D8;</subfield>
  </datafield>
  <datafield tag="653" ind1=" " ind2=" ">
    <subfield code="a">&#x10DC;&#x10E3;&#x10DB;&#x10D8;&#x10D6;&#x10DB;&#x10D0;&#x10E2;&#x10D8;&#x10D9;&#x10E3;&#x10E0;&#x10D8; &#x10E4;&#x10DD;&#x10DC;&#x10D3;&#x10D4;&#x10D1;&#x10D8;</subfield>
  </datafield>
  <datafield tag="700" ind1=" " ind2=" ">
    <subfield code="a">&#x10E6;&#x10D5;&#x10D0;&#x10D1;&#x10D4;&#x10E0;&#x10D8;&#x10EB;&#x10D4;,  &#x10EA;. </subfield>
    <subfield code="e">&#x10E0;&#x10D4;&#x10D3;&#x10D0;&#x10E5;&#x10E2;&#x10DD;&#x10E0;&#x10D8;</subfield>
    <subfield code="9">18163</subfield>
  </datafield>
  <datafield tag="710" ind1=" " ind2=" ">
    <subfield code="a"> &#x10E1;&#x10D0;&#x10E5;. &#x10E1;&#x10E1;&#x10E0; &#x10DB;&#x10D4;&#x10EA;&#x10DC;. &#x10D0;&#x10D9;&#x10D0;&#x10D3;&#x10D4;&#x10DB;&#x10D8;&#x10D0;</subfield>
    <subfield code="b"> &#x10E1;&#x10D0;&#x10E5;. &#x10E1;&#x10D0;&#x10EE;&#x10D4;&#x10DA;&#x10DB;&#x10EC;. &#x10DB;&#x10E3;&#x10D6;&#x10D4;&#x10E3;&#x10DB;&#x10D8;.</subfield>
    <subfield code="9">18164</subfield>
  </datafield>
  <datafield tag="942" ind1=" " ind2=" ">
    <subfield code="2">udc</subfield>
    <subfield code="c">BK</subfield>
  </datafield>
  <datafield tag="952" ind1=" " ind2=" ">
    <subfield code="0">0</subfield>
    <subfield code="1">0</subfield>
    <subfield code="2">udc</subfield>
    <subfield code="4">0</subfield>
    <subfield code="6">73755_&#x10E5;84</subfield>
    <subfield code="7">0</subfield>
    <subfield code="9">94752</subfield>
    <subfield code="a">CPL</subfield>
    <subfield code="b">CPL</subfield>
    <subfield code="c">GEN</subfield>
    <subfield code="d">2023-05-22</subfield>
    <subfield code="g">5.00</subfield>
    <subfield code="o">737(55) &#x10E5;-84</subfield>
    <subfield code="p">64410</subfield>
    <subfield code="r">2023-05-22</subfield>
    <subfield code="t">64410</subfield>
    <subfield code="u">&#x10D1;&#x10E1;&#x10E3;-&#x10E1; &#x10E1;&#x10D0;&#x10DE;&#x10D0;&#x10E2;&#x10D8;&#x10DD; &#x10D3;&#x10DD;&#x10E5;&#x10E2;&#x10DD;&#x10E0;&#x10D8;&#x10E1; &#x10D2;&#x10E3;&#x10E0;&#x10D0;&#x10DB; &#x10DA;&#x10DD;&#x10E0;&#x10D7;&#x10E5;&#x10D8;&#x10E4;&#x10D0;&#x10DC;&#x10D8;&#x10EB;&#x10D8;&#x10E1; &#x10E1;&#x10D0;&#x10E9;&#x10E3;&#x10E5;&#x10D0;&#x10E0;&#x10D8;</subfield>
    <subfield code="w">2023-05-22</subfield>
    <subfield code="y">BK</subfield>
    <subfield code="z">5 &#x10DA;.</subfield>
  </datafield>
</record>
